Nombres españoles más frecuentes por letra - J - Estadísticas

Estadísticas generales
  • Esta prueba ha sido intentada 2.423 veces
  • La puntuación promedio es 12 de 30
Estadísticas de respuestas
# Nombre % Correcto
298 933 Juan
95%
487 678 José
94%
309 708 Javier
81%
129 527 Julia
71%
194 253 Jorge
69%
95 004 Jaime
64%
101 137 Juana
62%
60 324 Julio
58%
25 958 Jimena
57%
256 545 Jesús
56%
59 313 Julián
51%
225 853 Josefa
47%
22 618 Jon
46%
14 395 Jan
37%
52 993 Joan
36%
36 842 Josefina
27%
17 504 Juliana
26%
100 775 Joaquín
25%
81 617 Jordi
23%
19 371 Jonatan
19%
24 786 Jonathan
19%
29 713 Joel
17%
24 224 Jaume
15%
40 371 Josep
14%
20 371 Jennifer
13%
26 643 Jessica
13%
19 723 Judit
11%
21 127 Judith
11%
17 451 Joaquina
9%
16 431 Julen
9%
No se encontraron pruebas coincidentes
Distribución de puntuación
Porcentaje de gente con cada puntuación
Porcentaje por número respondido
Historial de tus puntuaciones
No has intentado esta prueba.